00669nam a2200205 a 4500001001000000003000900010005001700019007001000036008003500046020001800081040002200099082002800121100004400149245005500193260004900248300002800297500007600325650003100401650003100432000030173DO-SdBNP20231009135032.0000030173110503s2009 dr a 001 f spa d a9789945460391 aBPMSUbspacBPMSU 4aCu863.5bC352h 20092221 aCastillo Villalón, Lady Diana,d1981-13aLa hija del rey /cLady Diana Castillo Villalón. aSanto Domingo :bEditorial Santuario,c2009. a112 p. :bil. ;c22 cm. aIncluye datos biográficos de la autora en las solapas de la cubierta. 4aCuentos juveniles cubanos  4aLiteratura juvenil cubana